000 02111nam0a2200385 4500
001 RU\NLR\bibl\1066546
005 20260409080826.0
010 _a978-5-367-00317-8
_95000
021 _aRU
_b2007-10095
_9535
035 _a(nilc)RSL-KNO-003046986
035 _a(NLR Aleph) 001053798
090 _a895306
_c895306
100 _a20070301d2007 |||y0rusy50 ca
101 0 _arus
102 _aRU
105 _ay zzzz|||||
106 _ar
200 1 _aВоланд и Маргарита
_fТатьяна Поздняева
210 _aСанкт-Петербург
_cАмфора
_d2007
215 _a445,[1] с.
_d21
225 1 _aНовая Эврика
320 _aБиблиогр. в подстроч. прим.
500 _aМастер и Маргарита
_3RU\NLR\auth\559755
_92631756
604 _1700#1$aБулгаков$gМихаил Афанасьевич$bМ. А.$f1891 - 1940
_150010$a"Мастер и Маргарита"$2nlr_sh2$3RU\NLR\AUTH\66171423
_aБулгаков, Михаил Афанасьевич (1891 - 1940)
_t"Мастер и Маргарита"
_91207867
_3RU\NLR\AUTH\66171423
610 0 _aФилологические науки. Художественная литература -- Российская Федерация -- Русская литература -- с 1917 г. -- Персоналия писателей -- Булгаков Михаил Афанасьевич (1891-1940) - писатель -- Исследования произведений писателя по жанрам -- Прозаические произведения
686 _aШ5(2=Р)7-4Булгаков М.А.534,0
_2rubbk
686 _aШ5(2=Р)7-4Булгаков
700 1 _4070
_8rus
_7ca
_aПоздняева
_bТ. Б.
_gТатьяна Б.
_3RU\NLR\auth\7752129
_935062
702 1 _4570
_8rus
_7ca
_aБулгаков
_bМ. А.
_f1891-1940
_gМихаил Афанасьевич
_3RU\NLR\auth\773529
_9113525
801 0 _aRU
_bРКП
_c20070301
_grcr
801 1 _aRU
_bРГБ
_c20070301
801 2 _aRU
_bNLR
_c20070330
_grcr
942 _cBOOK
980 _aNB